| 000 | 00510nam a2200217Ia 4500 | ||
|---|---|---|---|
| 003 | OSt | ||
| 005 | 20221005115627.0 | ||
| 006 | a|||||r|||| 00| 0 | ||
| 007 | ta | ||
| 008 | 221004b |||||||| |||| 00| 0 eng d | ||
| 024 | _a114682 | ||
| 037 | _cTextual | ||
| 040 |
_aCRL _cCRL _beng |
||
| 041 |
_2eng _aeng |
||
| 100 |
_aDhami P S _9627882 |
||
| 245 | 0 | _aChordate zoology | |
| 260 | _c1988 | ||
| 700 |
_a Dhami J K _9627883 |
||
| 942 |
_cTEXL _2cc |
||
| 999 |
_c1035433 _d1035433 |
||